| 000 | 00775nam a2200253Ia 4500 | ||
|---|---|---|---|
| 003 | OSt | ||
| 005 | 20221005085719.0 | ||
| 006 | a|||||r|||| 00| 0 | ||
| 007 | ta | ||
| 008 | 221004b |||||||| |||| 00| 0 eng d | ||
| 020 |
_a9781606237014 (pbk) _c3191.76 |
||
| 024 | _a10476 | ||
| 037 |
_b11430, 13/03/2014, Elite Publishers Distributors _cTextual |
||
| 040 |
_aCRL _cCRL _beng |
||
| 041 |
_2eng _aeng |
||
| 082 | _aSigma:f, Q1 | ||
| 100 | _aYin Robert K | ||
| 245 | 0 | _aQualitative reserach from start to finish | |
| 260 |
_aNew York _bGuilford Press USA _c2011 |
||
| 300 |
_axx,348p. _ccm. |
||
| 650 | _aSPIRITUALISM | ||
| 942 |
_hSigma:f, Q1 _cTEXL _2cc |
||
| 999 |
_c994669 _d994669 |
||